Lecciones sobre el Pragmatismo
Salvato in:
| Autore principale: | |
|---|---|
| Natura: | Libro |
| Lingua: | spagnolo |
| Pubblicazione: |
Buenos Aires
Aguilar
1978
|
| Edizione: | 1a. ed |
| Serie: | Iniciación Filosófica, 134
|
| Soggetti: | |
| Tags: |
Aggiungi Tag
Nessun Tag, puoi essere il primo ad aggiungerne!!
|
MARC
| LEADER | 00000cam a2200000 a 4500 | ||
|---|---|---|---|
| 001 | UCD4244 | ||
| 003 | CL-VaPUC | ||
| 008 | 160701e19780000ag |||||||||||||||||spa|d | ||
| 082 | 0 | 4 | |a 144.3 |b PEI |2 21 |
| 100 | 0 | |a Peirce, Charles Sanders |e author |9 265345 | |
| 245 | 1 | 0 | |a Lecciones sobre el Pragmatismo |
| 250 | |a 1a. ed | ||
| 300 | |a 270 p | ||
| 942 | |c BK | ||
| 945 | |d 20160701 20:49:00 |a dcastane | ||
| 260 | |a Buenos Aires |b Aguilar |c 1978 | ||
| 650 | 0 | |a Pragmatismo |9 316729 | |
| 650 | 0 | |a Escuelas filosóficas |9 266232 | |
| 650 | 0 | |a Humanismo |9 256530 | |
| 650 | 0 | |a Metafísica |9 265649 | |
| 583 | |a last modification |c 20160701 20:49:00 |k Rodrigo Vera | ||
| 490 | 0 | |a Iniciación Filosófica, 134 | |
| 999 | |c 365186 |d 365184 | ||
| 952 | |0 0 |1 0 |3 erb |4 0 |6 144_300000000000000_PEI_1978 |7 0 |8 A |9 478933 |a FDOHBE |b FDOHBE |e Huesbe Llanos, Marco Antonio, 1934- |i 5309034 |o 144.3 PEI 1978 |p 5309034 |r 2024-01-30 |w 2019-11-24 |y BK |z Catalogado en:20160701 |k HBE | ||